Metroidvanias - Statistics

General Stats
  • This quiz has been taken 33 times
    28 since last reset
  • The average score is 12 of 54
Answer Stats
Answer % Correct
Super Metroid
92%
Metroid Dread
88%
Metroid II: Samus Returns
83%
Metroid Fusion
79%
Metroid: Zero Mission
79%
Castlevania: Symphony of the Night
75%
Hollow Knight
67%
Ori and the Blind Forest
58%
Ori and the Will of the Wisps
54%
Castlevania: Aria of Sorrow
46%
Castlevania: Dawn of Sorrow
42%
Shantae and the Pirate's Curse
38%
Castlevania: Harmony of Dissonance
29%
Castlevania: Portrait of Ruin
29%
Guacamelee
29%
Castlevania: Order of Ecclesia
25%
Shantae: Half-Genie Hero
25%
Axiom Verge
21%
Blasphemous
21%
Bloodstained: Ritual of the Night
21%
Shantae and the Seven Sirens
21%
Nine Sols
17%
Shantae: Risky's Revenge
17%
Bo: Path of the Teal Lotus
13%
ENDER LILIES: Quietus of the Knights
13%
ENDER MAGNOLIA: Bloom in the Mist
13%
Rain World
13%
Salt & Sanctuary
13%
CARRION
8%
GRIME
8%
Cave Story
4%
F.I.S.T.: Forged in Shadow Torch
4%
Momodora: Moonlit Farewell
4%
Momodora: Reverie Under The Moonlight
4%
Prince of Persia: The Lost Crown
4%
Shadow Complex
4%
Supraland
4%
9 Years Of Shadows
0%
Arzette: The Jewel of Faramore
0%
Dust: An Elysian Tail
0%
Gestalt of Steam & Cinder
0%
Ghost Song
0%
Guns of Fury
0%
Indivisible
0%
Islets
0%
Laika: Aged Through Blood
0%
Moonscars
0%
Pinball Spire
0%
Powerslave
0%
Pseudoregalia
0%
Souldiers
0%
Strider (2013)
0%
Sundered
0%
The Gunk
0%
No matching quizzes found
Score Distribution
Percent of People with Each Score
Percentile by Number Answered
Your Score History
You have not taken this quiz since the last reset